紅樓夢

資料類型: Book 圖書   書目號:51966

Leader xxxxxxxxxx
001 __ PCLIS00051966
005 __ 20211130122552.0
010 0_ |a978-957-13-6688-3|b上冊 : 平裝|dNT$400
010 0_ |a978-957-13-6689-0|b中冊 : 平裝|dNT$400
010 0_ |a978-957-13-6690-6|b下冊 : 平裝|dNT$400
010 0_ |a978-957-13-6691-3|b全套 : 平裝|dNT$1200
010 0_ |a978-957-13-6692-0|b上冊 : 精裝|dNT$540
010 0_ |a978-957-13-6693-7|b中冊 : 精裝|dNT$530
010 0_ |a978-957-13-6694-4|b下冊 : 精裝|dNT$530
010 0_ |a978-957-13-6695-1|b全套 : 精裝|dNT$1600
042 __ |anbic
100 __ |a20161006d2016    m  y0chiy09      e
101 0_ |achi
102 __ |atw
105 __ |aaej z   000ad
200 1_ |a紅樓夢|f(清)曹雪芹著|g(清)改琦繪; 余宜芳總編輯
205 __ |a初版
210 __ |a臺北市|c時報文化|d2016[民95]
215 0_ |a3冊(2047面)|c圖, 譜系表, 摺圖|d23公分
310 __ |a本館館藏為平裝
320 __ |a附錄: 紅樓夢人物表等8種
330 __ |a《紅樓夢》是中國文學史上最偉大的小說,一部集大成之書,兼容中國文學各種文類渾然一體。如果說文學是一個民族心靈最深刻的投射,那麼《紅樓夢》在我們民族心靈的構成中,應該佔有舉足輕重的地位。《紅樓夢》因年代久遠,版本眾多,文字出入甚大,又有後四十回續書的爭議,使得讀者在閱讀選擇上極為混亂。幸得程偉元、高鶚整理出版一百二十回《紅樓夢》,此為中國文學史上劃時代的一件,大事,讓中國最偉大的小說得以全貌問世。本書重新復刻絕版多年的桂冠版《紅樓夢》,此版本是以程偉元、高鶚於乾隆壬子(一七九二)刻印的「程乙本」作底本,也是胡適最推崇的版本,並參對七種主要刻本而成,詳加勘校,改正訛錯,並附有校記以作參考。本書注解尤其詳盡,是以古文大師啟功的注釋本為底,由唐敏等人重新整理而成,其中詩詞並有白話翻譯,所以白先勇教授二十多年來在大學開的「《紅樓夢》導讀」課程,即指定此版本為課堂教科書。本書另附有人物表、四大家族關係表、曹雪芹家族關係表、大觀園平面示意圖,並收錄程偉元、高鶚為「程甲本」、「程乙本」撰寫的序文等多種資料,為讀者重建《紅樓夢》書裡書外的時代背景,提供最完善的參考。
606 __ |2cst|a紅學
606 __ |2cst|a章回小說
606 __ |2cst|a注釋
681 __ |a857.49|b7446
681 __ |a857.49|b5514-8|y2016
700 _1 |s|a|b雪芹|f1715-1763|4702 _1 |s|a|b|f1773-1828|4702 _1 |a|b宜芳|4總編輯
801 _2 |atw|b中醫|c20161006|gCCR
801 _1 |atw|b內湖高中|c20180411|gCCR
801 _2 |atw|b內湖高中|c20211130|gCCR
詳細館藏 1-3 筆 (共 3 筆)
索 書 號登 錄 號冊次號館別 / 館藏地流通類型狀態加入預約清單電子資源
857.49 / 7446 2020428 v.1 圖書館 / 一樓普通區 可外借30天 在館   
857.49 / 7446 2020429 v.2 圖書館 / 一樓普通區 可外借30天 在館   
857.49 / 7446 2020430 v.3 圖書館 / 一樓普通區 可外借30天 在館   

| 條列資料




目錄查詢 分類查詢 個人資料 圖書薦購 新書查詢 閉館日 排行榜 更多電子資源 Hami書城 線上資料庫 登出

From : 216.73.217.52

  本日流通累計至 01:49:38 借閱 : 0 次 續借 : 0 次 歸還 : 0 次 預約 : 0 次 電子資源 : 0 次


內湖高中圖書館  PCLIS 版本  26.5.0.12